| 000 | 00860nam a2200217Ii 4500 | ||
|---|---|---|---|
| 003 | JO-AjNU | ||
| 008 | 230605s9999||||xx |||||||||||||| ||und|| | ||
| 017 | _a2009/4/2172 | ||
| 040 |
_aJO-AjNU _bara _erda _cJO-AjNU |
||
| 041 | _aara | ||
| 050 | 1 | 4 | _aHD37.A7.M32.2010 |
| 100 | 3 |
_aالدوري،زكريا/نجم العزاوي/بلال خلف السكارنة/شفيق شاكر العملة/محمد عبدالقادر, _eauthor _933452 |
|
| 245 | 0 | 0 | _aمبادىء ومداخل الادارة ووظائفها في القرن الحادي والعشرين |
| 250 | _aط العربية | ||
| 264 | 3 | 1 | _aعمان:دار اليازوري العلمية للنشر والتوزيع،2010 |
| 300 | _a434ص | ||
| 336 |
_atext _btxt _2rdacontent |
||
| 337 |
_aunmediated _bn _2rdamedia |
||
| 338 |
_avolume _bnc _2rdacarrier |
||
| 650 | 4 |
_aالادارة _933453 |
|
| 999 |
_aA13617 _c17185 _d17185 |
||